El conflicto bélico de las Malvinas abril-junio 1982, las armas nucleares y el Tratado de Tlatelolco
Kaydedildi:
| Yazar: | |
|---|---|
| Materyal Türü: | Kitap |
| Dil: | İspanyolca |
| Baskı/Yayın Bilgisi: |
Madrid
Colegio Mayor Argentino
1983
|
| Konular: | |
| Etiketler: |
Etiketle
Etiket eklenmemiş, İlk siz ekleyin!
|
MARC
| LEADER | 00000nam a2200000 a 4500 | ||
|---|---|---|---|
| 001 | UCO3139 | ||
| 003 | CL-VaPUC | ||
| 008 | 000714e19830000SP |||||||||||||||||spa|d | ||
| 082 | 0 | 4 | |a 982.064 |b GRO |2 21 |
| 100 | |a Gros Espiell, Héctor |e author |9 447027 | ||
| 245 | 1 | 3 | |a El conflicto bélico de las Malvinas abril-junio 1982, las armas nucleares y el Tratado de Tlatelolco |
| 300 | |a 32 p | ||
| 942 | |c BK | ||
| 945 | |d 20000714 00:00:00 |a rherrera | ||
| 260 | |a Madrid |b Colegio Mayor Argentino |c 1983 | ||
| 650 | 0 | |a Historia de Argentina |9 319851 | |
| 650 | 7 | |a GUERRA DE LAS MALVINAS |2 CL-VaPUC |9 447028 | |
| 650 | 0 | |a Conflictos bélicos |9 382203 | |
| 650 | 7 | |a TRATADOS |2 CL-VaPUC |9 447029 | |
| 651 | 0 | |a Argentina |9 254888 | |
| 651 | 0 | |a Inglaterra |9 255158 | |
| 583 | |a last modification |c 20000714 00:00:00 |k Rodrigo Vera | ||
| 999 | |c 289609 |d 289607 | ||
| 952 | |0 0 |1 0 |4 0 |6 982_064000000000000_GRO_1983 |7 0 |8 A |9 338175 |a BIBHIS |b BIBHIS |d 2019-11-20 |i 1299530 |o 982.064 GRO 1983 |p 1299530 |r 2025-01-20 |w 2019-11-20 |y BK |k HIS | ||